The story of the heavens /

Bibliographic Details
Main Author: Ball, Robert S. (Robert Stawell), 1840-1913
Format: Book
Language:English
Published: London, New York, Melbourne : Cassell and company, limited, 1900.
Subjects:

MARC

Tag First Indicator Second Indicator Subfields
LEADER 00000cam a2200000 4500
001 in00000039883
005 20151007064619.0
008 760701s1900 enk 00000 eng
010 |a  01020806  
035 |a (OCoLC)02292181 
035 |9 AAE0227AM 
040 |a DLC  |c TOL  |d TXA  |d UtOrBLW 
049 |a TXAM  |c [5461] 
050 0 0 |a QB44  |b .B17 
092 |a 520  |b B18 
100 1 |a Ball, Robert S.  |q (Robert Stawell),  |d 1840-1913. 
245 1 4 |a The story of the heavens /  |c by Sir Robert Stawell Ball ... With twenty-four coloured plates and numerous illustrations. 
264 1 |a London,  |a New York,  |a Melbourne :  |b Cassell and company, limited,  |c 1900. 
300 |a xii, 568 pages :  |b color frontispiece, illustrations, 31 plates (part color) diagrams ;  |c 24 cm. 
336 |a text  |b txt  |2 rdacontent 
337 |a unmediated  |b n  |2 rdamedia 
338 |a volume  |b nc  |2 rdacarrier 
650 0 |a Astronomy. 
999 |a MARS 
999 f f |s ce258c80-5e21-3849-b1d1-c1beef8860e3  |i 32ea2aae-b1b2-3f14-9b99-be2e2e1e9006  |t 0 
952 f f |p ric  |a Texas A&M University  |b Rellis Campus  |c Joint Library Facility  |d Remote Storage  |t 0  |e QB44 .B17  |h Library of Congress classification  |i unmediated -- volume  |m A14800897894 
998 f f |a QB44 .B17  |t 0  |l Remote Storage